Normal view
MARC view
- Freedman, James A. / David M. Skapura
Entry Personal Name
001 - CONTROL NUMBER
- control field: 21539
003 - CONTROL NUMBER IDENTIFIER
- control field: NUST
005 - DATE AND TIME OF LATEST TRANSACTION
- control field: 20190926115603.0
008 - FIXED-LENGTH DATA ELEMENTS
- fixed length control field: 190926|| aca||aabn | a|a d
040 ## - CATALOGING SOURCE
- Original cataloging agency: NUST
- Transcribing agency: NUST
100 ## - HEADING--PERSONAL NAME
- Personal name: Freedman, James A. / David M. Skapura
670 ## - SOURCE DATA FOUND
- Source citation: Work cat.: (NUST)23111: Freedman, James A. / David M. Skapura, Neural Networks Algorithms, Application, and programming Techniques, 1991
